[Event "Olimpiada Calviá 2004"]
[Site "Calviá ESP"]
[Date "2004.10.28"]
[Round "13.21"]
[White "Sadvakasov, Darmen"]
[Black "Dao, Thien Hai"]
[Result "1/2-1/2"]
[WhiteElo "2631"]
[BlackElo "2601"]
[PlyCount "86"]
[EventDate "2004.10.15"]
[EventType "team"]
[EventRounds "14"]
[EventCountry "ESP"]
[Source "lmi"]
[SourceDate "2004.10.27"]

1. e4 c5 2. Nf3 d6 3. d4 cxd4 4. Nxd4 Nf6 5. Nc3 a6 6. Be3 e5 7. Nb3 Be7 8. Qd2
Be6 9. f3 O-O 10. O-O-O Nbd7 11. g4 b5 12. g5 Nh5 13. Nd5 Bxd5 14. exd5 f5 15.
gxf6 Rxf6 16. Na5 Nf4 17. Kb1 Qe8 18. c4 bxc4 19. Bxc4 Bd8 20. Bb3 Bb6 21. Ba4
Bxe3 22. Qxe3 Qf7 23. Bc6 Rf8 24. Ka1 Nc5 25. Nc4 Nfd3 26. Qd2 Rxf3 27. Nxd6
Qg6 28. Nc4 Rf2 29. Qc3 Qg2 30. Nd2 Qg4 31. d6 R2f6 32. Rhg1 Qd4 33. Qxd4 exd4
34. Ne4 Nxe4 35. Bxe4 Nf2 36. Rxd4 Nxe4 37. Rxe4 Rxd6 38. a4 Rf2 39. h4 Kf7 40.
Rb4 Kf6 41. Ka2 Rf5 42. Ka3 g5 43. hxg5+ Rxg5 1/2-1/2

[Event "Olimpiada Calviá 2004"]
[Site "Calviá ESP"]
[Date "2004.10.28"]
[Round "13.21"]
[White "Nguyen, Anh Dung"]
[Black "Ibraev, Nurlan"]
[Result "1-0"]
[WhiteElo "2567"]
[BlackElo "2476"]
[PlyCount "85"]
[EventDate "2004.10.15"]
[EventType "team"]
[EventRounds "14"]
[EventCountry "ESP"]
[Source "lmi"]
[SourceDate "2004.10.27"]

1. d4 Nf6 2. c4 e6 3. Nf3 b6 4. g3 Ba6 5. Qa4 Bb7 6. Bg2 c5 7. dxc5 Bxc5 8. O-O
O-O 9. Nc3 Be7 10. Rd1 d6 11. Bf4 a6 12. Rd2 Qc7 13. Rad1 Rd8 14. Qa3 Ne8 15.
b4 Nd7 16. Rc1 Rac8 17. Rdd1 Qb8 18. Qb3 Rc7 19. h4 Rdc8 20. Nb1 Qa8 21. Bh3 h6
22. a3 Bf8 23. Nbd2 Nef6 24. Qb2 Rd8 25. Qa1 Rcc8 26. Qb2 Nh5 27. Be3 Nhf6 28.
Bf4 b5 29. Be3 Bxf3 30. exf3 Ne5 31. cxb5 axb5 32. f4 Rxc1 33. Qxc1 Rc8 34. Qa1
Ned7 35. Rc1 d5 36. Bf1 Rb8 37. Nb3 Ne4 38. Na5 Nd6 39. Rc7 Nf6 40. Ra7 Nc4 41.
Rxa8 Rxa8 42. Bxc4 dxc4 43. Qe5 1-0

[Event "Olimpiada Calviá 2004"]
[Site "Calviá ESP"]
[Date "2004.10.28"]
[Round "13.21"]
[White "Gnusarev, Petr"]
[Black "Dinh, Duc Trong"]
[Result "1-0"]
[WhiteElo "2357"]
[BlackElo "2392"]
[PlyCount "67"]
[EventDate "2004.10.15"]
[EventType "team"]
[EventRounds "14"]
[EventCountry "ESP"]
[Source "lmi"]
[SourceDate "2004.10.27"]

1. d4 g6 2. c4 Bg7 3. Nf3 d6 4. Nc3 Bg4 5. e3 Nf6 6. Be2 O-O 7. O-O c6 8. h3
Bxf3 9. Bxf3 Nbd7 10. b4 Nb6 11. c5 Nbd5 12. Nxd5 cxd5 13. Qb3 e6 14. Ba3 Qd7
15. Rac1 Rfc8 16. Rc2 Rc7 17. Rfc1 Rac8 18. Bb2 Ne4 19. a4 f5 20. Bxe4 fxe4 21.
b5 Bf8 22. Ba3 a6 23. c6 bxc6 24. b6 Rb7 25. a5 Be7 26. Qa4 Kf7 27. Rxc6 Rxc6
28. Rxc6 Ke8 29. Rc8+ Bd8 30. Qc2 Qb5 31. Bxd6 Kd7 32. Ra8 Bxb6 33. Qc8+ Kxd6
34. Qxb7 1-0

[Event "Olimpiada Calviá 2004"]
[Site "Calviá ESP"]
[Date "2004.10.28"]
[Round "13.21"]
[White "Bao, Quang"]
[Black "Temirbaev, Serik"]
[Result "0-1"]
[WhiteElo "2376"]
[BlackElo "2468"]
[PlyCount "113"]
[EventDate "2004.10.15"]
[EventType "team"]
[EventRounds "14"]
[EventCountry "ESP"]
[Source "lmi"]
[SourceDate "2004.10.27"]

1. e4 c5 2. Nc3 Nc6 3. g3 g6 4. Bg2 Bg7 5. d3 d6 6. Nge2 e6 7. Be3 Nd4 8. O-O
Ne7 9. Rb1 O-O 10. b4 Nec6 11. a3 Rb8 12. f4 Bd7 13. Qd2 b6 14. Nc1 Rc8 15. Nd1
Ne7 16. c3 Ndc6 17. Ne2 e5 18. d4 cxd4 19. cxd4 exf4 20. gxf4 Bg4 21. d5 Bxe2
22. Qxe2 Nb8 23. Nf2 f5 24. Rbc1 Rxc1 25. Bxc1 fxe4 26. Nxe4 Nf5 27. Ng5 Re8
28. Qd3 Nd7 29. Ne6 Qf6 30. Bd2 Nf8 31. Nxg7 Qxg7 32. Bc3 Qc7 33. Ba1 Re3 34.
Qd2 Qe7 35. Kh1 Rxa3 36. Re1 Re3 37. Rxe3 Qxe3 38. Qxe3 Nxe3 39. Be4 Kf7 40.
Kg1 Nd7 41. Kf2 Ng4+ 42. Kg3 Ndf6 43. f5 g5 44. Bb1 Ne3 45. Bd4 Nexd5 46. Ba2
Ke7 47. Bxd5 Nxd5 48. Kg4 Nxb4 49. Kxg5 Kf7 50. Kf4 Nc6 51. Bb2 d5 52. Ke3 a5
53. h3 b5 54. Kd3 b4 55. Kc2 a4 56. Ba1 d4 57. Kd3 0-1

[Event "Olimpiada Calviá 2004"]
[Site "Calviá ESP"]
[Date "2004.10.28"]
[Round "13.22"]
[White "Azarov, Sergei"]
[Black "Tyomkin, Dimitri"]
[Result "1-0"]
[WhiteElo "2556"]
[BlackElo "2505"]
[PlyCount "129"]
[EventDate "2004.10.15"]
[EventType "team"]
[EventRounds "14"]
[EventCountry "ESP"]
[Source "lmi"]
[SourceDate "2004.10.27"]

1. e4 c5 2. Nf3 Nc6 3. d4 cxd4 4. Nxd4 Nf6 5. Nc3 d6 6. Bc4 Qb6 7. Nb3 e6 8.
Bf4 Ne5 9. Be2 Bd7 10. Be3 Qc7 11. Qd4 Nc6 12. Qd2 Ne5 13. O-O-O Nc4 14. Bxc4
Qxc4 15. Bf4 Nxe4 16. Nxe4 Qxe4 17. Bxd6 Bxd6 18. Qxd6 O-O-O 19. Nc5 Qc6 20.
Qe5 Qc7 21. Nxd7 Rxd7 22. Qxg7 Qf4+ 23. Kb1 Rhd8 24. Qc3+ Kb8 25. Rxd7 Rxd7 26.
Qg3 Qxg3 27. hxg3 Rd2 28. Rf1 Rd5 29. Kc1 Rh5 30. Kd2 Kc7 31. Ke3 Re5+ 32. Kf3
Rf5+ 33. Ke4 h5 34. f4 Rc5 35. Rf2 Rd5 36. Re2 f5+ 37. Kf3 Kd6 38. Ke3 Ra5 39.
Rd2+ Ke7 40. a3 Rc5 41. c3 Rb5 42. b4 Rb6 43. c4 Rc6 44. c5 Rc8 45. Rd1 Rg8 46.
Kf2 Rc8 47. Rh1 Rh8 48. Ke3 Kf6 49. a4 Rg8 50. Kf3 Rd8 51. Rxh5 Rd3+ 52. Kf2
Rd4 53. Rh6+ Kg7 54. Rxe6 Rxb4 55. a5 Kf7 56. Rh6 Rb5 57. a6 bxa6 58. Rxa6 Rxc5
59. Rxa7+ Kg6 60. Ra8 Rc2+ 61. Kg1 Rc4 62. Kh2 Rb4 63. Ra6+ Kh5 64. Rf6 Rxf4
65. gxf4 1-0

[Event "Olimpiada Calviá 2004"]
[Site "Calviá ESP"]
[Date "2004.10.28"]
[Round "13.22"]
[White "Zhigalko, Andrey"]
[Black "Zugic, Igor"]
[Result "1-0"]
[WhiteElo "2515"]
[BlackElo "2479"]
[PlyCount "79"]
[EventDate "2004.10.15"]
[EventType "team"]
[EventRounds "14"]
[EventCountry "ESP"]
[Source "lmi"]
[SourceDate "2004.10.27"]

1. e4 c5 2. Nf3 d6 3. d4 cxd4 4. Nxd4 Nf6 5. Nc3 Bd7 6. Bg5 a6 7. Qd2 e6 8. f3
Nc6 9. O-O-O Be7 10. Be3 h5 11. Kb1 Rc8 12. Nxc6 Rxc6 13. Bd3 b5 14. f4 b4 15.
Ne2 e5 16. Rhf1 a5 17. h3 Qb8 18. Ng3 g6 19. fxe5 dxe5 20. Bg5 h4 21. Ne2 Qc7
22. Ng1 Rd6 23. Qe1 a4 24. Nf3 Qc5 25. Qe3 Qa5 26. Bc4 Rxd1+ 27. Rxd1 Qc7 28.
b3 Bc6 29. Bxf6 Bxf6 30. Qc5 Be7 31. Bxf7+ Kxf7 32. Qxc6 Qxc6 33. Nxe5+ Ke6 34.
Nxc6 axb3 35. axb3 Bd6 36. Rd4 Rf8 37. e5 Rf1+ 38. Kb2 Bc5 39. Rxh4 g5 40. Rc4
1-0

[Event "Olimpiada Calviá 2004"]
[Site "Calviá ESP"]
[Date "2004.10.28"]
[Round "13.23"]
[White "Mihalcisin, Adrian"]
[Black "Abolianin, Arthur"]
[Result "1-0"]
[WhiteElo "2512"]
[BlackElo "2412"]
[PlyCount "57"]
[EventDate "2004.10.15"]
[EventType "team"]
[EventRounds "14"]
[EventCountry "ESP"]
[Source "lmi"]
[SourceDate "2004.10.27"]

1. d4 g6 2. e4 Bg7 3. c4 d6 4. Nc3 e5 5. dxe5 dxe5 6. Qxd8+ Kxd8 7. f4 Be6 8.
Nf3 Nd7 9. Be3 Ne7 10. O-O-O Nc6 11. g3 Kc8 12. Nd5 a5 13. h3 b6 14. Bg2 f6 15.
Rhf1 Re8 16. f5 Bg8 17. h4 Nc5 18. Ne1 Kb7 19. Bxc5 bxc5 20. Nd3 Nd4 21. fxg6
Ne2+ 22. Kc2 Nxg3 23. Rf2 hxg6 24. Nxf6 Bxf6 25. Rxf6 Nh5 26. Nxc5+ Kb8 27.
Rxg6 Bxc4 28. Bf1 Nf4 29. Bxc4 1-0

[Event "Olimpiada Calviá 2004"]
[Site "Calviá ESP"]
[Date "2004.10.28"]
[Round "13.23"]
[White "Sermek, Drazen"]
[Black "Laurent, Bruno"]
[Result "1/2-1/2"]
[WhiteElo "2547"]
[BlackElo "2335"]
[PlyCount "90"]
[EventDate "2004.10.15"]
[EventType "team"]
[EventRounds "14"]
[EventCountry "ESP"]
[Source "lmi"]
[SourceDate "2004.10.27"]

1. e4 e6 2. d4 d5 3. Nd2 Nf6 4. Bd3 c5 5. e5 Nfd7 6. c3 Nc6 7. Ne2 cxd4 8. cxd4
f6 9. exf6 Nxf6 10. O-O Bd6 11. Nf3 O-O 12. Bg5 Bd7 13. a3 Qc7 14. Rc1 Rae8 15.
Bh4 Re7 16. b4 Qb8 17. Bg3 e5 18. dxe5 Nxe5 19. Nxe5 Bxe5 20. Qb3 Kh8 21. Bxe5
Qxe5 22. Qc3 Ng4 23. Ng3 Qf4 24. Qc7 Ne5 25. Be2 d4 26. Qc5 Nc6 27. b5 b6 28.
Qd5 Ne5 29. Nh5 Qd2 30. Qd6 Qxe2 31. Rce1 Qxh5 32. Qxe7 Re8 33. Rxe5 Qxe5 34.
Qxd7 h6 35. h3 Re7 36. Qc8+ Re8 37. Qc4 Qc5 38. Qf7 Rf8 39. Qd7 Rf6 40. Re1 Kh7
41. a4 Rd6 42. Qe7 d3 43. Qe4+ Kg8 44. Qa8+ Kh7 45. Qe4+ Kg8 1/2-1/2

[Event "Olimpiada Calviá 2004"]
[Site "Calviá ESP"]
[Date "2004.10.28"]
[Round "13.24"]
[White "Mitkov, Nikola"]
[Black "Nielsen, Peter Heine"]
[Result "1/2-1/2"]
[WhiteElo "2539"]
[BlackElo "2663"]
[PlyCount "83"]
[EventDate "2004.10.15"]
[EventType "team"]
[EventRounds "14"]
[EventCountry "ESP"]
[Source "lmi"]
[SourceDate "2004.10.27"]

1. e4 c5 2. Nc3 e6 3. Nf3 d6 4. d4 cxd4 5. Nxd4 Nf6 6. Bd3 a6 7. O-O Nbd7 8.
Kh1 Qc7 9. Bd2 g6 10. f4 Bg7 11. Qe1 Nc5 12. f5 Ng4 13. fxe6 fxe6 14. Qh4 Ne5
15. Nf3 O-O 16. Nxe5 dxe5 17. Rxf8+ Bxf8 18. Be2 Bd7 19. Rf1 Re8 20. Qg4 b5 21.
a3 Bc6 22. Be3 Qg7 23. b4 Nd7 24. Qh4 Be7 25. Qh3 Bf6 26. Bh6 Qe7 27. Qe3 Qd6
28. Rd1 Qc7 29. Qh3 Bg7 30. Bg5 Nf6 31. Qe3 Bb7 32. Rf1 Rf8 33. a4 bxa4 34.
Bxf6 Rxf6 35. Nxa4 Rxf1+ 36. Bxf1 Qxc2 37. Nc5 Bc8 38. Qd3 Qxd3 39. Bxd3 Bf8
40. Bxa6 Bxc5 41. Bxc8 Bxb4 42. Bxe6+ 1/2-1/2

[Event "Olimpiada Calviá 2004"]
[Site "Calviá ESP"]
[Date "2004.10.28"]
[Round "13.24"]
[White "Hansen, Sune Berg"]
[Black "Nedev, Trajce"]
[Result "1/2-1/2"]
[WhiteElo "2551"]
[BlackElo "2528"]
[PlyCount "109"]
[EventDate "2004.10.15"]
[EventType "team"]
[EventRounds "14"]
[EventCountry "ESP"]
[Source "lmi"]
[SourceDate "2004.10.27"]

1. e4 c5 2. Nf3 Nc6 3. Bb5 Nf6 4. Bxc6 dxc6 5. d3 g6 6. h3 Bg7 7. Nc3 Nd7 8.
Be3 e5 9. Qd2 h6 10. O-O Qe7 11. a3 b6 12. Rfe1 Bb7 13. Na4 O-O-O 14. Nh2 f5
15. f3 Nf6 16. Bf2 f4 17. b4 c4 18. Bxb6 axb6 19. Nxb6+ Kb8 20. Nxc4 g5 21.
Rab1 Ne8 22. a4 h5 23. Na5 Nc7 24. Qf2 Qd7 25. c3 Rh6 26. b5 cxb5 27. axb5 Bf8
28. Red1 Nxb5 29. Nxb7 Qxb7 30. c4 Rb6 31. cxb5 Rxb5 32. Rxb5 Qxb5 33. Qa2 Rxd3
34. Rb1 Bb4 35. Kh1 Kb7 36. Qf7+ Ka6 37. Nf1 g4 38. hxg4 hxg4 39. Qe6+ Rd6 40.
Qc8+ Kb6 41. Qb8+ Kc6 42. Qc8+ Kb6 43. fxg4 Rd4 44. Nh2 Rxe4 45. Qb8+ Kc6 46.
Qc8+ Kb6 47. Qb8+ Kc6 48. Qa8+ Qb7 49. Rc1+ Kb6 50. Qd8+ Kb5 51. Qd3+ Kb6 52.
Qd8+ Kb5 53. Qd3+ Kb6 54. Qd8+ Kb5 55. Qd3+ 1/2-1/2

[Event "Olimpiada Calviá 2004"]
[Site "Calviá ESP"]
[Date "2004.10.28"]
[Round "13.24"]
[White "Mortensen, Erling"]
[Black "Stanojoski, Zvonko"]
[Result "1/2-1/2"]
[WhiteElo "2465"]
[BlackElo "2506"]
[PlyCount "113"]
[EventDate "2004.10.15"]
[EventType "team"]
[EventRounds "14"]
[EventCountry "ESP"]
[Source "lmi"]
[SourceDate "2004.10.27"]

1. e4 c5 2. Nf3 g6 3. c3 Bg7 4. d4 cxd4 5. cxd4 Nf6 6. Nc3 d6 7. Be2 O-O 8. O-O
Nc6 9. d5 Nb8 10. Be3 Bg4 11. Qb3 b6 12. Qc2 Bxf3 13. Bxf3 Nbd7 14. Rac1 Rc8
15. Be2 Nb8 16. Qa4 Qd7 17. Qb4 Qb7 18. a4 Nfd7 19. a5 Nc5 20. axb6 axb6 21. f3
Nba6 22. Qb5 Nc7 23. Qc4 b5 24. Qb4 Rb8 25. Ra1 N7a6 26. Qxb5 Qxb5 27. Nxb5
Bxb2 28. Rab1 Bf6 29. Rfc1 Na4 30. Kf1 N6c5 31. Nd4 Rxb1 32. Rxb1 Nc3 33. Rc1
Bxd4 34. Bxd4 Nxe2 35. Kxe2 Nb3 36. Rc4 Nxd4+ 37. Rxd4 Ra8 38. f4 f6 39. Rd3
Ra4 40. Kf3 h5 41. g3 Kf7 42. h3 Ra1 43. h4 Re1 44. Ra3 Rd1 45. Ke2 Rb1 46. Kf3
Re1 47. Ra4 Rd1 48. Ke2 Rb1 49. Rd4 g5 50. fxg5 fxg5 51. hxg5 Kg6 52. Ra4 Kxg5
53. Ra7 Rb2+ 54. Kf3 Rb3+ 55. Kf2 Kf6 56. Rc7 Ra3 57. Rb7 1/2-1/2

[Event "Olimpiada Calviá 2004"]
[Site "Calviá ESP"]
[Date "2004.10.28"]
[Round "13.25"]
[White "Sulskis, Sarunas"]
[Black "Rohl, Juan"]
[Result "1-0"]
[WhiteElo "2555"]
[BlackElo "2401"]
[PlyCount "81"]
[EventDate "2004.10.15"]
[EventType "team"]
[EventRounds "14"]
[EventCountry "ESP"]
[Source "lmi"]
[SourceDate "2004.10.27"]

1. e4 c5 2. Nf3 d6 3. c3 Nf6 4. Bd3 Nc6 5. Bc2 Bg4 6. d3 e6 7. Nbd2 Be7 8. h3
Bh5 9. Qe2 h6 10. g4 Bg6 11. Nh4 Bh7 12. Ng2 Nd7 13. f4 b5 14. O-O O-O 15. f5
exf5 16. gxf5 Nde5 17. Nf4 Kh8 18. Nd5 Bg5 19. Nf3 f6 20. Nxg5 hxg5 21. a4 b4
22. Be3 Rb8 23. d4 cxd4 24. cxd4 Nf7 25. Rac1 Ne7 26. Bb3 Nxd5 27. Bxd5 Nh6 28.
Be6 d5 29. exd5 b3 30. Rc6 Qa5 31. Qa6 Qd8 32. Bd2 Qe8 33. d6 Qh5 34. Qd3 g4
35. Bxh6 gxh6 36. d7 gxh3 37. Kh2 Qg4 38. Qg3 Qxd4 39. Rg1 Qd2+ 40. Kh1 Rg8 41.
Rc8 1-0

[Event "Olimpiada Calviá 2004"]
[Site "Calviá ESP"]
[Date "2004.10.28"]
[Round "13.25"]
[White "Prasca, Raphael"]
[Black "Kveinys, Aloyzas"]
[Result "1/2-1/2"]
[WhiteElo "2396"]
[BlackElo "2531"]
[PlyCount "76"]
[EventDate "2004.10.15"]
[EventType "team"]
[EventRounds "14"]
[EventCountry "ESP"]
[Source "lmi"]
[SourceDate "2004.10.27"]

1. e4 Nf6 2. e5 Nd5 3. c4 Nb6 4. d4 d6 5. exd6 cxd6 6. Nc3 g6 7. Be3 Bg7 8. Rc1
O-O 9. b3 N6d7 10. Be2 Nf6 11. h3 d5 12. Nf3 Nc6 13. O-O Bf5 14. Ne5 dxc4 15.
Nxc6 bxc6 16. bxc4 Ne4 17. Nxe4 Bxe4 18. Bd3 Bxd3 19. Qxd3 Qd6 20. Rfd1 Rfd8
21. Qb3 e6 22. Qa4 h6 23. Rb1 Rd7 24. g3 g5 25. h4 gxh4 26. Bf4 Qe7 27. Qxc6
Rad8 28. d5 exd5 29. cxd5 Qe4 30. Re1 Qxd5 31. Qxd5 Rxd5 32. gxh4 Rd4 33. Bg3
Bf6 34. Rb7 Ra4 35. Rc1 Bxh4 36. Bxh4 Rxh4 37. Rxa7 Rd2 38. Rc3 Rg4+ 1/2-1/2

[Event "Olimpiada Calviá 2004"]
[Site "Calviá ESP"]
[Date "2004.10.28"]
[Round "13.25"]
[White "Zagorskis, Darius"]
[Black "Soto Paez, Oliver"]
[Result "1-0"]
[WhiteElo "2486"]
[BlackElo "2288"]
[PlyCount "127"]
[EventDate "2004.10.15"]
[EventType "team"]
[EventRounds "14"]
[EventCountry "ESP"]
[Source "lmi"]
[SourceDate "2004.10.27"]

1. g3 Nf6 2. Bg2 e5 3. c4 c6 4. d4 exd4 5. Qxd4 Bb4+ 6. Nc3 O-O 7. Bg5 Be7 8.
Nf3 h6 9. Bf4 Na6 10. O-O d5 11. cxd5 cxd5 12. Rad1 Be6 13. Ne5 Nb4 14. Rd2 Qa5
15. a3 Nc6 16. Qa4 Qxa4 17. Nxa4 Rac8 18. Nc3 g5 19. Nxc6 bxc6 20. Be3 Rc7 21.
Rc1 Rfc8 22. h3 Nd7 23. Na4 Ne5 24. Bc5 Kf8 25. b3 Rb7 26. Rc3 Ke8 27. Bxe7
Kxe7 28. f4 gxf4 29. gxf4 Ng6 30. Nc5 Rb6 31. Rd4 Nh4 32. Bf1 Nf5 33. Ra4 Ra8
34. e4 dxe4 35. Rxe4 Rd8 36. Nxe6 fxe6 37. Bc4 Rd6 38. Re5 Kf6 39. Kf2 Rb7 40.
b4 Rg7 41. Rd3 Rxd3 42. Rxe6+ Kf7 43. Rxc6+ Kf8 44. Bxd3 Ne7 45. Rxh6 Nd5 46.
Kf3 Rg1 47. Rh8+ Kg7 48. Rh7+ Kf6 49. Rxa7 Rh1 50. Ra6+ Ke7 51. Ke4 Nf6+ 52.
Kf5 Ne8 53. Re6+ Kf8 54. Re3 Ra1 55. Be2 Re1 56. Ke4 Nf6+ 57. Kd4 Rb1 58. b5
Nd7 59. Bg4 Nb6 60. Kc5 Na4+ 61. Kc6 Rc1+ 62. Kb7 Rc4 63. b6 Nc5+ 64. Kb8 1-0

[Event "Olimpiada Calviá 2004"]
[Site "Calviá ESP"]
[Date "2004.10.28"]
[Round "13.25"]
[White "Iturrizaga, Eduardo"]
[Black "Butnorius, Algimantas"]
[Result "0-1"]
[WhiteElo "2280"]
[BlackElo "2429"]
[PlyCount "72"]
[EventDate "2004.10.15"]
[EventType "team"]
[EventRounds "14"]
[EventCountry "ESP"]
[Source "lmi"]
[SourceDate "2004.10.27"]

1. e4 e5 2. Nf3 Nc6 3. Nc3 Nf6 4. g3 Bc5 5. Bg2 d6 6. d3 a6 7. h3 Be6 8. O-O h6
9. Kh2 O-O 10. Ng1 d5 11. f4 exf4 12. Bxf4 dxe4 13. dxe4 Bc4 14. Qxd8 Raxd8 15.
Rfd1 Bd4 16. Bxc7 Rd7 17. Nf3 Bxc3 18. Rxd7 Bxb2 19. Rb1 Nxd7 20. Rxb2 b5 21.
Nd2 Be6 22. Nb3 Rc8 23. Bf4 g5 24. Be3 Nce5 25. Bf1 Nc4 26. Bxc4 Rxc4 27. Nd4
Ra4 28. h4 Ne5 29. Bg1 Nc4 30. Rb1 Rxa2 31. hxg5 hxg5 32. Rd1 Bg4 33. Rd3 b4
34. Bf2 Ne5 35. Rb3 a5 36. Rb1 Nf3+ 0-1

[Event "Olimpiada Calviá 2004"]
[Site "Calviá ESP"]
[Date "2004.10.28"]
[Round "13.26"]
[White "Haznedaroglu, Kivanc"]
[Black "Rowson, Jonathan"]
[Result "0-1"]
[WhiteElo "2394"]
[BlackElo "2577"]
[PlyCount "120"]
[EventDate "2004.10.15"]
[EventType "team"]
[EventRounds "14"]
[EventCountry "ESP"]
[Source "lmi"]
[SourceDate "2004.10.27"]

1. e4 c5 2. Nf3 a6 3. c4 d6 4. d4 Bg4 5. dxc5 Bxf3 6. Qxf3 dxc5 7. Be3 Nc6 8.
Nc3 e6 9. Qd1 Nf6 10. Be2 Nd7 11. O-O g5 12. Qc1 Rg8 13. Rd1 Qf6 14. Na4 Rd8
15. Qc3 Qe7 16. Qb3 Rb8 17. Rd2 Bg7 18. Qa3 Bd4 19. Bxd4 Nxd4 20. Qh3 g4 21.
Qxh7 Qg5 22. e5 Qxd2 23. Qxg8+ Ke7 24. Qxg4 Nxe2+ 25. Kf1 Nc1 26. Nc3 Rh8 27.
Ne4 Rxh2 28. Kg1 Qh6 29. Ng3 Nd3 30. Qe4 N3xe5 31. Rd1 Rh4 32. Rxd7+ Kxd7 33.
Qxb7+ Ke8 34. Qb8+ Ke7 35. Qxe5 Qc1+ 36. Nf1 Rxc4 37. Qc7+ Kf6 38. g3 Qd1 39.
Kg2 Qd5+ 40. Kg1 Kg7 41. b3 Rc1 42. Qf4 Qd1 43. Qg5+ Kf8 44. Kh2 Ke8 45. Qg8+
Ke7 46. Qc8 Qd5 47. Qxa6 Qh5+ 48. Kg2 Qd1 49. Qb5 c4 50. Qg5+ Kd6 51. Qd8+ Kc5
52. Qa5+ Kd4 53. Nh2 Qh1+ 54. Kh3 c3 55. Qb6+ Kd3 56. Qe3+ Kc2 57. b4 Re1 58.
Qa7 Qd5 59. Qa4+ Kb2 60. b5 Re4 0-1

[Event "Olimpiada Calviá 2004"]
[Site "Calviá ESP"]
[Date "2004.10.28"]
[Round "13.26"]
[White "McNab, Colin A"]
[Black "Erdogdu, Mert"]
[Result "1-0"]
[WhiteElo "2434"]
[BlackElo "2393"]
[PlyCount "69"]
[EventDate "2004.10.15"]
[EventType "team"]
[EventRounds "14"]
[EventCountry "ESP"]
[Source "lmi"]
[SourceDate "2004.10.27"]

1. Nf3 Nf6 2. g3 g6 3. c4 Bg7 4. Bg2 O-O 5. O-O d6 6. d4 Nc6 7. Nc3 a6 8. Bg5
h6 9. Bd2 e5 10. d5 Nd4 11. Ne1 c5 12. dxc6 Nxc6 13. Nc2 Be6 14. b3 Qd7 15. Nd5
Bxd5 16. cxd5 Ne7 17. e4 Ne8 18. Ne3 b5 19. a4 Rb8 20. axb5 axb5 21. Nc2 Nf6
22. Nb4 Rfc8 23. Qe2 Kh7 24. Ra6 Ne8 25. h4 h5 26. Kh2 Bh6 27. Bh3 f5 28. Nc6
Nxc6 29. exf5 Qf7 30. fxg6+ Qxg6 31. Rxc6 Rxc6 32. dxc6 Bxd2 33. Qxd2 Nc7 34.
Qa5 Qf7 35. Bd7 1-0

[Event "Olimpiada Calviá 2004"]
[Site "Calviá ESP"]
[Date "2004.10.28"]
[Round "13.26"]
[White "Atakisi, Umut"]
[Black "Shaw, John"]
[Result "1-0"]
[WhiteElo "2304"]
[BlackElo "2433"]
[PlyCount "95"]
[EventDate "2004.10.15"]
[EventType "team"]
[EventRounds "14"]
[EventCountry "ESP"]
[Source "lmi"]
[SourceDate "2004.10.27"]

1. e4 c5 2. Nf3 Nc6 3. d4 cxd4 4. Nxd4 Nf6 5. Nc3 e5 6. Ndb5 h6 7. Nd6+ Bxd6 8.
Qxd6 Qe7 9. Qxe7+ Kxe7 10. Be3 d6 11. O-O-O Be6 12. Be2 a6 13. b3 Rac8 14. Kb2
Nb4 15. Rd2 Rc6 16. a3 Rhc8 17. axb4 Rxc3 18. Bf3 Ne8 19. Be2 b5 20. Bc5 R3xc5
21. bxc5 dxc5 22. Ra1 Rc6 23. c3 Nd6 24. f3 Rb6 25. b4 c4 26. Bd1 Kd7 27. f4 f6
28. fxe5 fxe5 29. Bc2 Ke7 30. Rf2 Nb7 31. Kc1 Rd6 32. Rd2 Rb6 33. Kd1 a5 34.
bxa5 Ra6 35. Ke2 Rxa5 36. Rxa5 Nxa5 37. Ke3 Nc6 38. Rd1 Bd7 39. Rb1 Na5 40. Ra1
Nc6 41. Ra6 Kd6 42. Rb6 b4 43. cxb4 Kc7 44. Rb5 Be6 45. Ba4 Bd7 46. Rc5 Kd6 47.
Bxc6 Bxc6 48. Rxc4 1-0

[Event "Olimpiada Calviá 2004"]
[Site "Calviá ESP"]
[Date "2004.10.28"]
[Round "13.27"]
[White "Pilaj, Herwig"]
[Black "Zelcic, Robert"]
[Result "1-0"]
[WhiteElo "2431"]
[BlackElo "2531"]
[PlyCount "203"]
[EventDate "2004.10.15"]
[EventType "team"]
[EventRounds "14"]
[EventCountry "ESP"]
[Source "lmi"]
[SourceDate "2004.10.27"]

1. d4 Nf6 2. c4 e6 3. Nf3 Bb4+ 4. Nbd2 b6 5. a3 Bxd2+ 6. Bxd2 Bb7 7. g3 O-O 8.
Bg2 d6 9. O-O Nbd7 10. b4 c5 11. Bf4 d5 12. Ne5 Nxe5 13. Bxe5 Ng4 14. Bf4 cxd4
15. Qxd4 Re8 16. Bd2 h5 17. Qb2 Rc8 18. Rac1 Qe7 19. cxd5 Bxd5 20. f3 Nf6 21.
Rxc8 Rxc8 22. Bg5 e5 23. Bh3 Rc7 24. Rd1 Be6 25. Bf1 Bc4 26. Qd2 Rc8 27. Qd6
Qxd6 28. Rxd6 Be6 29. Kf2 Rc3 30. Rd3 Rc2 31. Rd2 Rc3 32. Rd3 Rc8 33. Rd1 Bb3
34. Rc1 Ra8 35. Bxf6 gxf6 36. Rc7 Be6 37. f4 e4 38. Ke3 f5 39. Bh3 Kg7 40. Kd4
Kf6 41. Kc3 h4 42. gxh4 Rh8 43. e3 a5 44. Bf1 Rg8 45. bxa5 bxa5 46. Rc5 Rg1 47.
Be2 Rg2 48. Bd1 a4 49. Kb4 Rxh2 50. Bxa4 Rb2+ 51. Ka5 Ke7 52. Rc3 Bd5 53. Bb5
Kd6 54. a4 Bb3 55. h5 Bd5 56. Kb6 Rh2 57. a5 Rxh5 58. a6 Rh1 59. Ra3 Rb1 60. a7
Bc6 61. Ra5 Rb3 62. a8=Q Bxa8 63. Rxa8 Rxe3 64. Rd8+ Ke6 65. Bc4+ Kf6 66. Rd1
Rf3 67. Rf1 Rg3 68. Kc5 Rg2 69. Kd4 Rc2 70. Bb5 Rb2 71. Ba6 Ra2 72. Bc4 Rc2 73.
Ra1 Kg6 74. Ra2 Rc1 75. Ra7 f6 76. Ra8 Rc2 77. Ra2 Rc1 78. Rg2+ Kh5 79. Be2+
Kh4 80. Rg6 Rc6 81. Bc4 Kh5 82. Rg2 Kh6 83. Kd5 Rb6 84. Rg1 Kh7 85. Kc5 Rb2 86.
Kd4 Kh6 87. Ke3 Rc2 88. Be6 Rc5 89. Kd4 Rb5 90. Rh1+ Kg7 91. Rc1 Kg6 92. Rc5
Rb4+ 93. Ke3 Kh5 94. Bxf5 Kh4 95. Rc1 Rb3+ 96. Kxe4 Kg3 97. Be6 Rb5 98. f5 Re5+
99. Kd4 Re2 100. Rg1+ Kf4 101. Rg6 Rd2+ 102. Kc3 1-0

[Event "Olimpiada Calviá 2004"]
[Site "Calviá ESP"]
[Date "2004.10.28"]
[Round "13.27"]
[White "Dizdar, Goran"]
[Black "Lehner, Oliver"]
[Result "1-0"]
[WhiteElo "2535"]
[BlackElo "2420"]
[PlyCount "133"]
[EventDate "2004.10.15"]
[EventType "team"]
[EventRounds "14"]
[EventCountry "ESP"]
[Source "lmi"]
[SourceDate "2004.10.27"]

1. d4 Nf6 2. Nf3 g6 3. c4 Bg7 4. g3 O-O 5. Bg2 d6 6. O-O Nbd7 7. Nc3 e5 8. h3
Re8 9. e4 exd4 10. Nxd4 a6 11. Rb1 Rb8 12. Re1 Ne5 13. b3 Bd7 14. Bb2 c5 15.
Nc2 b5 16. f4 Nc6 17. Qxd6 bxc4 18. e5 Re6 19. Qxc5 cxb3 20. axb3 Nh5 21. Qf2
Qb6 22. Qxb6 Rxb6 23. Nd5 Rxb3 24. g4 Ng3 25. Re3 Rxe3 26. Ncxe3 Re8 27. Kf2
Rb8 28. Kxg3 Nxe5 29. Nc3 Nxg4 30. Nxg4 Bxg4 31. Ba3 Rxb1 32. Nxb1 Be6 33. h4
h6 34. Bb4 Bf6 35. Be4 Bd8 36. Nc3 Bc7 37. Kf3 Bd8 38. h5 gxh5 39. f5 Bc4 40.
Nd5 Bxd5 41. Bxd5 Bf6 42. Bc4 Kg7 43. Bxa6 Be5 44. Be7 f6 45. Bc4 h4 46. Kg4
Bg3 47. Bb4 h5+ 48. Kh3 Be5 49. Kxh4 Bd4 50. Kxh5 Be5 51. Kg4 Bd4 52. Kf3 Be5
53. Ba3 Bc3 54. Bc5 Be5 55. Bb3 Bc3 56. Ke4 Bb2 57. Kd5 Bc3 58. Bc4 Be5 59. Ke6
Bc3 60. Be2 Bb2 61. Ke7 Bc3 62. Ke8 Kh6 63. Be3+ Kg7 64. Bc5 Kh6 65. Kf7 Kg5
66. Bd3 Bb2 67. Be3+ 1-0

[Event "Olimpiada Calviá 2004"]
[Site "Calviá ESP"]
[Date "2004.10.28"]
[Round "13.29"]
[White "Mecking, Henrique"]
[Black "Baburin, Alexander"]
[Result "1/2-1/2"]
[WhiteElo "2557"]
[BlackElo "2527"]
[PlyCount "36"]
[EventDate "2004.10.15"]
[EventType "team"]
[EventRounds "14"]
[EventCountry "ESP"]
[Source "lmi"]
[SourceDate "2004.10.27"]

1. d4 d5 2. c4 e6 3. Nf3 Nf6 4. Nc3 Nbd7 5. Bg5 c6 6. e3 Qa5 7. Nd2 dxc4 8.
Bxf6 Nxf6 9. Nxc4 Qc7 10. Be2 Be7 11. O-O O-O 12. a3 Rd8 13. b4 Nd5 14. Qb3 Bd7
15. Rac1 Be8 16. Ne4 b6 17. Rfd1 a6 18. g3 Qa7 1/2-1/2